000 00274nam a22001217a 4500
008 180124b xxu||||| |||| 00| 0 eng d
041 _aeng
080 _a338
100 _a53
101 _aMEN
245 _aRestaurant operations& controls
_cEscoffier,M.R
942 _2udc
_cBK
999 _c40852
_d40852